Pharmacoinformatics Approaches to Design Potential Inhibitors of Inositol 1,4,5 Trisphosphate Receptor (IP3R) in Cancer / (Record no. 590694)
[ view plain ]
| 000 -LEADER | |
|---|---|
| fixed length control field | 00489nam a22001337a 4500 |
| 040 ## - CATALOGING SOURCE | |
| Transcribing agency | SINES. |
| 082 ## - DEWEY DECIMAL CLASSIFICATION NUMBER | |
| Classification number | 004 |
| Author Mark | ISM |
| 100 ## - MAIN ENTRY--PERSONAL NAME | |
| Personal name | humaira Ismatullah |
| 9 (RLIN) | 95807 |
| 245 ## - TITLE STATEMENT | |
| Title | Pharmacoinformatics Approaches to Design Potential Inhibitors of Inositol 1,4,5 Trisphosphate Receptor (IP3R) in Cancer / |
| Statement of responsibility, etc. | Ismatullah, Humaira |
| 260 ## - PUBLICATION, DISTRIBUTION, ETC. | |
| Place of publication, distribution, etc. | Islamabad: |
| Name of publisher, distributor, etc. | SINES-NUST, |
| Date of publication, distribution, etc. | 2022. |
| 300 ## - PHYSICAL DESCRIPTION | |
| Extent | 211 p. : |
| Other physical details | ill. ; |
| Dimensions | 35cm. |
| 650 ## - SUBJECT ADDED ENTRY--TOPICAL TERM | |
| General subdivision | Ph. D in Computational Science and Engineering. |
| 9 (RLIN) | 95808 |
| 942 ## - ADDED ENTRY ELEMENTS (KOHA) | |
| Source of classification or shelving scheme | |
| Koha item type | Thesis |
| Withdrawn status | Lost status | Source of classification or shelving scheme | Damaged status | Not for loan | Permanent Location | Current Location | Shelving location | Date acquired | Total Checkouts | Full call number | Barcode | Date last seen | Price effective from | Koha item type |
|---|---|---|---|---|---|---|---|---|---|---|---|---|---|---|
| School of Interdisciplinary Engineering and Sciences (SINES) | School of Interdisciplinary Engineering and Sciences (SINES) | Thesis | 07/29/2022 | 004 ISM | RCMS003335 | 07/29/2022 | 07/29/2022 | Reference |
